| 000 | 00511nam a22001817a 4500 | ||
|---|---|---|---|
| 003 | CEME | ||
| 005 | 20210628202639.0 | ||
| 008 | 210125b xxu||||| |||| 00| 0 eng d | ||
| 020 | _a0-534-40851-6 | ||
| 040 | _c. | ||
| 082 | _a621.382 AGR | ||
| 100 |
_aAgrawal , Dharma Prakash Zeng, Qing-An _960893 |
||
| 245 | _aIntroduction to wireless and mobile systems | ||
| 260 |
_aSINGAPORE _bTHOMSON LEARNING _c2003 |
||
| 300 | _aXVIII,438 P | ||
| 650 |
_aWIRELESS SYSTEMS.MOBILE SYSTEMS _960894 |
||
| 942 |
_cBK _2ddc |
||
| 999 |
_c570503 _d570503 |
||